000 01116nam a22002537a 4500
005 20240530110523.0
008 160223s2012 ua a g b 000 0 ara d
017 _a2010/20777
_bمصر . دار الكتب المصرية
020 _a9789777043595
040 _aEG-CaGPL
082 0 4 _221
_a192\
_bر ف
100 1 _aرسل ، برتراند .
245 1 0 _aفلسفتى كيف تطورت /
_cتاليف برتراند رسل ؛ ترجمة و تصدير عبدالرشيد الصادق محمودى ؛ مراجعة و تقديم زكى نجيب محمود .
250 _aط1.
260 _aالقاهرة :
_bالمركز القومى للترجمة ،
_c2012 .
300 _a271 ص ؛
_c24 سم .
490 0 _aالمشروع القومى للترجمة ؛ سلسلة ميراث الترجمة ، 1704
600 0 _aبرتراند رسل .
650 0 4 _aالفلسفة الحديثة .
700 0 _aعبدالرشيد الصادق محمودى
_eمترجم .
700 0 _aزكى نجيب محمود
_eمراجع و مقدم .
942 _2ddc
_cBK
999 _c61943
_d61943